000 00942am a2200325a 44500
003 AR-BaBNM
005 20251128210735.0
008 131020s1999 #AR|||||||||||000 | spa||
020 _a950-701-576-0
040 _cAR-BaBNM
100 1 _aRodríguez Moneo, María
245 1 0 _aConocimiento previo y cambio conceptual
250 _a1ª ed.
260 _aBuenos Aires
_bAique
_c1999
300 _a176 p.
_btablas
490 0 _aPsicología cognitiva y educación
500 _aContiene glosario y referencias bibliográficas
600 1 4 _aPiaget, Jean
650 4 _aPROCESO COGNOSCITIVO
650 4 _aPROCESO DEL PENSAMIENTO
650 4 _aFORMACION DE CONCEPTOS
650 4 _aPSICOLOGIA DE LA EDUCACION
650 4 _aPROCESO DE APRENDIZAJE
653 _aMETACOGNICION
653 _aCOGNITIVISMO
700 1 _aCarretero, Mario
_eprologuista
800 1 _aCarretero, Mario
_eprologuista
942 _cBK
998 _cRAQUEL
999 _c16691
_d16691